| 000 | 01269nam a2200253Ia 4500 | ||
|---|---|---|---|
| 008 | 0000002003 usad 0000000000eng00 | ||
| 020 | _a965318974 | ||
| 090 | _aPUS00 J82j | ||
| 245 | 1 | 0 |
_aJudith Schaechter _b: selected works 19882003 |
| 300 |
_a40 p. _c/ 22 cm. |
||
| 500 | _aExposición realizada en: Bass Musemu of Art, diciembre 4, 2003 marzo 7, 2004; Museum of Glass International Center for Contemporary Art, abril 3 agosto 1, 2004; John Michael Kohler Arts Center, agosto 22 noviembre 28, 2004; Kemper Museum of Contemporary Art, octubre 15, 2004 enero 9, 2005 \ Incluye cronología del artista \ Proyecto Ganador Programa Apoyos Concertados FGAA 2010 | ||
| 501 | _aThe contemporary rituals of Judith Schaechter / Claire Oliver The Isabella commentary In my words Judith Schaechter | ||
| 600 | 0 | 0 |
_aSCHAECHTER, JUDITH/ _xTRABAJOS PICTORICOS |
| 650 | 1 | 4 | _aARTE CONTEMPORANEO ESTADOUNIDENSE |
| 650 | 1 | 4 | _aARTISTAS PLASTICOS ESTADOUNIDENSES |
| 650 | 1 | 4 | _xCATALOGOS |
| 650 | 1 | 4 | _aDIBUJO A LAPIZ |
| 650 | 1 | 4 | _aDIBUJOS ESTADOUNIDENSES |
| 650 | 1 | 4 | _xEXPOSICIONES |
| 650 | 1 | 4 | _aPINTORES ESTADOUNIDENSES |
| 650 | 1 | 4 | _aPINTURA ESTADOUNIDENSE |
| 700 | 1 | _aMoody, Rick \ Oliver, Claire | |
| 999 |
_c12057 _d12057 |
||
| 260 |
_aMiami : Bass Museum of Art _c2003 |
||